000 00828nam a2200193 4500
001 6021
010 _a9789720716927
090 _a6021
100 _a20250929d2005 u||y0pory50 ba
200 _aNa cidade
210 _aPorto
_cPorto Editora
_d2005
215 _a[12] p.
_cil.
225 _aMaquinices
330 _aDestinada a crianças com idade a partir dos três anos, esta colecção vai despertar o interesse dos mais novos pelo mundo dos transportes e das máquinas. Ao virar de cada página, o pequeno leitor vai descobrir pormenores escondidos, que inesperadamente ganham movimento. É a descoberta do mundo através da leitura aliada à interactividade
606 _93236
_aPublicações para crianças e jovens
675 _a087.5
_vBN
_zpor
801 _aPT
_bBEN2VN
_gRPC
830 _cTânia Croca
_d29/09/2025
990 _cLIVROS